[Event "SVK-ch U10"]
[Site "Tatralandia"]
[Date "2024.04.07"]
[Round "3"]
[White "Andre, Tomas"]
[Black "Srnak, Martin"]
[Result "1-0"]
[WhiteElo "1929"]
[BlackElo "1648"]
[PlyCount "55"]
[EventDate "2024.04.05"]
[EventType "swiss"]
[EventRounds "9"]
[EventCountry "SVK"]
[SourceTitle "CB16_2024"]
[SourceDate "2024.04.17"]
[SourceVersion "1"]
[SourceVersionDate "2024.04.17"]
[SourceQuality "1"]

1. e4 c5 2. Nf3 d6 3. d4 cxd4 4. c3 dxc3 5. Nxc3 g6 6. Bc4 Nc6 7. e5 Bg4 8. Bxf7+ Kxf7 9. Ng5+ Ke8 10. Qxg4 Nxe5 11. Qe2 Nf6 12. Nb5 Qd7 13. f4 Nc6 14. 0-0 a6 15. Nc3 Nd4 16. Qd3 Ne6 17. f5 Nc5 18. Qc4 gxf5 19. Be3 h6 20. Qf7+ Kd8 21. Bxc5 hxg5 22. Bb6+ Kc8 23. Rac1 Kb8 24. Bd4 Qe8 25. Qxe8+ Nxe8 26. Bxh8 e5 27. Rxf5 Be7 28. Nd5 1-0

[Event "EU-ch U08 rapid"]
[Site "Terme Catez"]
[Date "2023.09.29"]
[Round "9"]
[White "Andre, Tomas"]
[Black "Srnak, Martin"]
[Result "1-0"]
[WhiteElo "1538"]
[BlackElo "1482"]
[PlyCount "59"]
[EventDate "2023.09.28"]
[EventType "swiss (rapid)"]
[EventRounds "9"]
[EventCountry "SLO"]
[SourceTitle "EXT 2024"]
[Source "ChessBase"]
[SourceDate "2023.10.10"]
[SourceVersion "1"]
[SourceVersionDate "2023.10.10"]
[SourceQuality "1"]

1. e4 e6 2. d4 d5 3. Nd2 Nf6 4. e5 Nfd7 5. Bd3 c5 6. c3 Nc6 7. Ne2 Qb6 8. Nf3 Be7 9. h4 Qc7 10. Nf4 cxd4 11. cxd4 Nb4 12. Bb1 Nb6 13. a3 Nc6 14. Bd2 Nc4 15. Bc3 Qb6 16. Qe2 N6a5 17. Bc2 Bd7 18. b4 Nc6 19. Bd3 Nxa3 20. Rxa3 Bxb4 21. Rb3 Qa5 22. Bxb4 Nxb4 23. 0-0 a6 24. Ng5 Nxd3 25. Qxd3 Bb5 26. Qf3 Bxf1 27. Nfxe6 fxe6 28. Qf7+ Kd8 29. Nxe6+ Kc8 30. Qxb7# 1-0

[Event "SVK-ch Amateurs"]
[Site "Liptovsky Jan"]
[Date "2023.06.18"]
[Round "7"]
[White "Mikula, Martin1111"]
[Black "Srnak, Martin"]
[Result "1/2-1/2"]
[WhiteElo "1612"]
[BlackElo "1257"]
[PlyCount "95"]
[EventDate "2023.06.15"]
[EventType "swiss"]
[EventRounds "8"]
[EventCountry "SVK"]
[SourceTitle "CBM 214 Extra"]
[Source "ChessBase"]
[SourceDate "2023.07.31"]
[SourceVersion "1"]
[SourceVersionDate "2023.07.31"]
[SourceQuality "1"]

1. e4 e6 2. c4 Be7 3. d4 c6 4. Nc3 d5 5. cxd5 exd5 6. exd5 cxd5 7. Bb5+ Bd7 8. Qe2 Nf6 9. Bg5 0-0 10. Nf3 Re8 11. 0-0 h6 12. Be3 Bd6 13. Qd3 a6 14. Ba4 Bxa4 15. Nxa4 Nc6 16. a3 b5 17. Nc5 Bxc5 18. dxc5 Ng4 19. Bf4 Nge5 20. Nxe5 Nxe5 21. Qg3 Ng6 22. Bd6 Ne7 23. Rad1 Nf5 24. Qf4 Nxd6 25. Qxd6 Qxd6 26. cxd6 Re2 27. b4 Re5 28. f4 Re3 29. Rf3 Rxf3 30. gxf3 Rd8 31. Rxd5 f6 32. f5 Kf7 33. Kf2 Ke8 34. Ke3 Kd7 35. Kd3 Kc6 36. Rd4 Rxd6 37. Rxd6+ Kxd6 38. Kd4 h5 39. Ke4 Kc6 40. Kf4 Kd5 41. Kg3 Ke5 42. Kh4 Kxf5 43. Kxh5 g6+ 44. Kh6 g5 45. Kg7 Ke6 46. Kg6 Ke5 47. h3 Ke6 48. Kg7 1/2-1/2

[Event "SVK-ch Amateurs"]
[Site "Liptovsky Jan"]
[Date "2023.06.18"]
[Round "8"]
[White "Srnak, Martin"]
[Black "Malinovsky, Jozef"]
[Result "0-1"]
[WhiteElo "1257"]
[BlackElo "1670"]
[PlyCount "72"]
[EventDate "2023.06.15"]
[EventType "swiss"]
[EventRounds "8"]
[EventCountry "SVK"]
[SourceTitle "CBM 214 Extra"]
[Source "ChessBase"]
[SourceDate "2023.07.31"]
[SourceVersion "1"]
[SourceVersionDate "2023.07.31"]
[SourceQuality "1"]

1. d4 Nf6 2. c4 e6 3. Nf3 d5 4. e3 Bb4+ 5. Bd2 c5 6. Bxb4 cxb4 7. Qa4+ Nc6 8. Ne5 Qa5 9. Qxa5 Nxa5 10. cxd5 exd5 11. Bb5+ Bd7 12. Nxd7 Nxd7 13. 0-0 a6 14. Bxd7+ Kxd7 15. Nd2 Rac8 16. Rac1 Rxc1 17. Rxc1 Rc8 18. Rxc8 Kxc8 19. g4 Nc4 20. Nxc4 dxc4 21. Kf1 b5 22. Ke2 Kd7 23. e4 g5 24. a3 c3 25. Kd3 cxb2 26. Kc2 bxa3 27. d5 Kd6 28. Kb1 b4 29. Ka2 f6 30. f3 b3+ 31. Kb1 Kc5 32. d6 Kxd6 33. e5+ Kxe5 34. f4+ Kd4 35. fxg5 Kc3 36. gxf6 a2# 0-1

[Event "SVK-ch Amateurs"]
[Site "Liptovsky Jan"]
[Date "2023.06.17"]
[Round "6"]
[White "Srnak, Martin"]
[Black "Smetana, Peter"]
[Result "1/2-1/2"]
[WhiteElo "1257"]
[BlackElo "1763"]
[PlyCount "60"]
[EventDate "2023.06.15"]
[EventType "swiss"]
[EventRounds "8"]
[EventCountry "SVK"]
[SourceTitle "CBM 214 Extra"]
[Source "ChessBase"]
[SourceDate "2023.07.31"]
[SourceVersion "1"]
[SourceVersionDate "2023.07.31"]
[SourceQuality "1"]

1. d4 Nf6 2. c4 g6 3. Nf3 Bg7 4. Nc3 0-0 5. e4 d6 6. d5 c5 7. Be3 a6 8. Be2 b5 9. cxb5 axb5 10. Bxb5 Qb6 11. Qe2 Ba6 12. Bxa6 Nxa6 13. 0-0 Rfb8 14. Rab1 Nd7 15. Na4 Qb4 16. Qc2 Nb6 17. Nxb6 Qxb6 18. b3 Nb4 19. Qc4 Nxa2 20. e5 Nb4 21. exd6 exd6 22. Rfd1 Qa6 23. Qe4 Be5 24. Bxc5 dxc5 25. d6 Bxh2+ 26. Kxh2 Rd8 27. d7 Qb6 28. Qe7 Ra7 29. g3 Qb8 30. Kg2 h5 1/2-1/2

[Event "SVK-ch U08"]
[Site "Dudince"]
[Date "2023.04.16"]
[Round "1"]
[White "Srnak, Martin"]
[Black "Hric, Michael Jan"]
[Result "1-0"]
[WhiteElo "1251"]
[BlackElo "1000"]
[PlyCount "61"]
[EventDate "2023.04.16"]
[EventType "swiss"]
[EventRounds "9"]
[EventCountry "SVK"]
[SourceTitle "CBM 213 Extra"]
[Source "ChessBase"]
[SourceDate "2023.05.31"]
[SourceVersion "1"]
[SourceVersionDate "2023.05.31"]
[SourceQuality "1"]

1. d4 d5 2. c4 c6 3. Nc3 Nf6 4. Nf3 dxc4 5. e3 Bg4 6. Bxc4 Bxf3 7. Qxf3 e6 8. 0-0 Bb4 9. a3 Ba5 10. b4 b5 11. Bxb5 cxb5 12. Qxa8 Bb6 13. Nxb5 0-0 14. Qf3 Qd5 15. Qxd5 exd5 16. Bd2 Ne4 17. Rfd1 Nxd2 18. Rxd2 Nc6 19. Rc1 Ne7 20. Rdc2 a6 21. Nc7 Bxc7 22. Rxc7 Re8 23. Rxe7 Kf8 24. Rxe8+ Kxe8 25. Rc8+ Kd7 26. Ra8 Kc6 27. Rxa6+ Kb5 28. Ra7 g6 29. Rxf7 h5 30. Rg7 h4 31. Rxg6 1-0

[Event "EU Union-ch U08"]
[Site "Pec pod Snezkou"]
[Date "2022.08.29"]
[Round "8"]
[White "Srnak, Martin"]
[Black "Cazacu, Iustin Nicolas"]
[Result "0-1"]
[WhiteElo "1088"]
[BlackElo "1456"]
[PlyCount "64"]
[EventDate "2022.08.22"]
[EventType "swiss"]
[EventRounds "9"]
[EventCountry "CZE"]
[SourceTitle "EXT 2023"]
[Source "ChessBase"]
[SourceDate "2022.10.05"]
[SourceVersion "1"]
[SourceVersionDate "2022.10.05"]
[SourceQuality "1"]

1. e4 c5 2. c3 d5 3. exd5 Qxd5 4. d4 Nf6 5. Nf3 Nc6 6. dxc5 Qxc5 7. Be3 Qd5 8. Na3 Bg4 9. Nb5 0-0-0 10. Qxd5 Nxd5 11. Nxa7+ Nxa7 12. Bxa7 Bxf3 13. gxf3 b6 14. Ba6+ Kc7 15. Rd1 Rd6 16. Bc4 e6 17. b3 Kb7 18. Bxb6 Kxb6 19. Bxd5 exd5 20. c4 dxc4 21. bxc4 Kc5 22. Rxd6 Bxd6 23. Rg1 g6 24. Rg4 Bxh2 25. f4 Re8+ 26. Kf1 Re4 27. Kg2 Bxf4 28. Kf3 Rxc4 29. Rxf4 Rxf4+ 30. Kxf4 h5 31. Kg5 f5 32. Kh4 Kb4 0-1

[Event "SVK-ch U08"]
[Site "Stara Lubovna"]
[Date "2022.05.24"]
[Round "5"]
[White "Slivka, Jakub"]
[Black "Srnak, Martin"]
[Result "0-1"]
[WhiteElo "1000"]
[BlackElo "1400"]
[PlyCount "64"]
[EventDate "2022.05.21"]
[EventType "swiss"]
[EventRounds "9"]
[EventCountry "SVK"]
[SourceTitle "CBM 208 Extra"]
[Source "ChessBase"]
[SourceDate "2022.07.31"]
[SourceVersion "1"]
[SourceVersionDate "2022.07.31"]
[SourceQuality "1"]

1. e4 c5 2. g3 g6 3. Nf3 b6 4. Bg2 Bb7 5. Nc3 Bg7 6. 0-0 Bxc3 7. bxc3 Bxe4 8. h3 Nf6 9. d3 Bb7 10. Bg5 Nd5 11. Qe1 0-0 12. Bh6 Re8 13. Qd2 e6 14. c4 Nc7 15. Qc3 f6 16. Ng5 Bxg2 17. Kxg2 Re7 18. Qxf6 Ne8 19. Qc3 e5 20. h4 d5 21. cxd5 Qxd5+ 22. f3 Nf6 23. Rfe1 Ng4 24. Rad1 Nxh6 25. Re2 Nc6 26. Rde1 Rae8 27. Ne4 Rf7 28. Ng5 Rf5 29. Ne4 Nd4 30. Re3 Qxa2 31. Ra1 Qxc2+ 32. Qxc2 Nxc2 0-1

[Event "SVK-ch U08"]
[Site "Stara Lubovna"]
[Date "2022.05.22"]
[Round "2"]
[White "Srnak, Martin"]
[Black "Ostrozlik, Filip"]
[Result "1-0"]
[WhiteElo "1400"]
[BlackElo "1000"]
[PlyCount "121"]
[EventDate "2022.05.21"]
[EventType "swiss"]
[EventRounds "9"]
[EventCountry "SVK"]
[SourceTitle "CBM 208 Extra"]
[Source "ChessBase"]
[SourceDate "2022.07.31"]
[SourceVersion "1"]
[SourceVersionDate "2022.07.31"]
[SourceQuality "1"]

1. c4 e5 2. g3 Nf6 3. b3 Bc5 4. e3 0-0 5. Bg2 d6 6. Ne2 Bg4 7. Bxb7 Nbd7 8. Bxa8 Qxa8 9. 0-0 Bh3 10. f3 e4 11. Rf2 exf3 12. Nf4 Ng4 13. Nxh3 Nxf2 14. Kxf2 Ne5 15. d4 Ng4+ 16. Kg1 Bb4 17. d5 Qe8 18. Qxf3 Ne5 19. Qe4 f5 20. Qg2 Nd3 21. Bd2 Bxd2 22. Qxd2 Nc5 23. Nc3 Rf7 24. b4 Na6 25. a3 Re7 26. Re1 c5 27. Na2 Qh5 28. Nf4 Qg4 29. Qe2 Qg5 30. Qh5 Qxh5 31. Nxh5 g6 32. Nf4 cxb4 33. Nxb4 Nxb4 34. axb4 Rb7 35. b5 Rc7 36. Rc1 a5 37. bxa6 Ra7 38. c5 dxc5 39. Rxc5 Rxa6 40. Rc8+ Kf7 41. Rc7+ Kf8 42. Ne6+ Ke8 43. Rc8+ Kd7 44. Rd8+ Ke7 45. Re8+ Kxe8 46. Nc7+ Kd7 47. Nxa6 Kd6 48. Nb4 Kc5 49. Kf2 Kxb4 50. d6 Kc5 51. d7 Kc6 52. d8Q Kc5 53. Qd7 Kc4 54. Qd6 Kc3 55. Qd5 Kc2 56. Qd4 Kc1 57. Ke2 Kb1 58. Qd2 Ka1 59. Kd3 Kb1 60. Kc3 Ka1 61. Qb2# 1-0

[Event "SVK-ch U08"]
[Site "Stara Lubovna"]
[Date "2022.05.21"]
[Round "1"]
[White "Rogac, Alexander"]
[Black "Srnak, Martin"]
[Result "1-0"]
[WhiteElo "1000"]
[BlackElo "1400"]
[PlyCount "41"]
[EventDate "2022.05.21"]
[EventType "swiss"]
[EventRounds "9"]
[EventCountry "SVK"]
[SourceTitle "CBM 208 Extra"]
[Source "ChessBase"]
[SourceDate "2022.07.31"]
[SourceVersion "1"]
[SourceVersionDate "2022.07.31"]
[SourceQuality "1"]

1. e4 c5 2. Nf3 g6 3. Nc3 Bg7 4. Bc4 d6 5. 0-0 Nc6 6. d3 Bg4 7. h3 Bxf3 8. Qxf3 Ne5 9. Qd1 Nxc4 10. dxc4 Qa5 11. Bf4 Bxc3 12. bxc3 Qxc3 13. Qd3 Qf6 14. Rfe1 Qxf4 15. Qc3 Nf6 16. Rab1 Nxe4 17. Qxh8+ Kd7 18. Qxa8 Qxf2+ 19. Kh1 Nc3 20. Qxb7+ Ke8 21. Qc8# 1-0